Vplyv pravidelnej kontroly na životnosť rezných kvapalín

Saved in:
Bibliographic Details
Main Author: Jókay, Július, 1983- (Author)
Other Authors: Kucháriková, Eva (Thesis advisor)
Format: Manuscript Book
Language:Slovak
Published: Trnava : STU v Bratislave MTF UVTE KOM, 2010
Subjects:
Online Access:VAIS
Tags: Add Tag
No Tags, Be the first to tag this record!

MARC

LEADER 00000ntm a22000003a 4500
001 stu217777
005 20230512073848.6
008 101130s2010----xo------------------slo-d
040 |a STU  |b slo 
041 0 |a slo 
044 |a xo 
100 1 |a Jókay, Július,  |d 1983-  |4 aut  |X 51995  |7 A000051995 
242 0 0 |a Effect of control on life of cutting fluids  |y eng 
245 1 |a Vplyv pravidelnej kontroly na životnosť rezných kvapalín 
260 |a Trnava :  |b STU v Bratislave MTF UVTE KOM,  |c 2010 
650 7 |a počítačová podpora výrobných technológií  |2 stusub 
650 7 |a Computing Support of Manufacturing Technologies  |2 estusub 
650 7 |a cutting fluids  |2 estusub 
650 7 |a rezné kvapaliny  |2 stusub 
700 1 |a Kucháriková, Eva  |4 ths  |u M160  |U MTF Ústav výrobných technológií  |T MTF Katedra obrábania a montáže  |X 28428  |U M160  |Y M160  |7 28428 
856 4 |a info a plný text  |u http://is.stuba.sk/zp/portal_zp.pl?podrobnosti=52578  |3 VAIS 
996 |c M*BP-5066  |l MMSKP  |s P  |a 0  |w stu217777_0001